เปลี่ยนเป็นภาษาไทย

Change to English
 แสดงรายละเอียดบรรณานุกรม
  กลับหน้าหลัก

Brief Record : Get Marc (ISO 2709) : E-mail record : QR code กลับ
หนังสือการแพทย์ E-books หนังสือทั่วไป : เกี่ยวกับ Collections
LEADER 00000nam 2200000uu 4500
001    39250
003     ULIBM
008    020711s2568 th a 000 0 tha d
060    WM430 น124ซ
100    นงพงา ลิ้มสุวรรณ
245    ซาเทียร์ จิตบำบัดและการพัฒนาตนเอง/นงพงา ลิ้มสุวรรณ
250    พิมพ์ครั้งที่ 7
260    กรุงเทพฯ :^bจุฬาลงกรณ์มหาวิทยาลัย,^c2568
300    228 หน้า ;^c25 ซม.
650    Psychotherapy — methods
650    Family Therapy — psychology
650    Self Concept — psychology
650    Communication — psycholog
710    ภาควิชาจิตเวชศาสตร์ คณะแพทยศาสตร์ โรงพยาบาลรามาธิบดี มหาวิทยาลัยมหิดล
999    ^aฐานิตา โสภะสุนทร
รายการนี้ยังไม่มีแท็ก
คุณยังไม่ได้ล็อกอิน คุณสามารถมีกิจกรรมร่วมกับเว็บไซต์ได้ แต่ต้องล็อกอินก่อน ::
  ล็อกอิน
ลำดับที่ ประเภท เลขเรียก/บาร์โค้ด สถานที่ สถานะ
1. หนังสือทั่วไป
หนังสือทั่วไป
WM430 น124ซ 2568 ฉ.1 
  Barcode: 005421
ห้องสมุดโรงพยาบาลจิตเวชขอนแก่นราชนครินทร์
►KRPH Library
On Shelf
  ขอยืม
2. หนังสือทั่วไป
หนังสือทั่วไป
WM430 น124ซ 2568 ฉ.2 
  Barcode: 005422
ห้องสมุดโรงพยาบาลจิตเวชขอนแก่นราชนครินทร์
►KRPH Library
On Shelf
  ขอยืม
3. หนังสือทั่วไป
หนังสือทั่วไป
WM430 น124ซ 2568 ฉ.3 
  Barcode: 005423
ห้องสมุดโรงพยาบาลจิตเวชขอนแก่นราชนครินทร์
►KRPH Library
On Shelf
  ขอยืม
   [แสดง 3/3 รายการ]

รายการใกล้เคียง
    ผู้แต่ง [นงพงา ลิ้มสุวรรณ]

BibComment


ยังไม่เคยถูกคอมเมนท์

คอมเมนท์ทรัพยากรรายการนี้
  คอมเมนท์: ซาเทียร์ จิตบำบัด..
Bib 39250


 Union Library Management : ULibM
Copyright 2026. All Rights Reserved.